| 000 | 00787nam a22002297a 4500 | ||
|---|---|---|---|
| 999 |
_c16942 _d16942 |
||
| 003 | AR-CdUCM | ||
| 008 | 190506b ||||| |||| 00| 0 spa d | ||
| 040 |
_aMUNICIPALIDAD PROVINCIAL DEL CUSCO _cBIBLIOTECA MUNICIPAL DEL CUSCO |
||
| 041 | _heng | ||
| 082 |
_22ed _a371.1023 / _bH52 |
||
| 100 |
_aHighet, Gilbert _936701 |
||
| 245 | _aEl arte de enseñar / | ||
| 260 |
_aBuenos Aires : _bPaidós, _c1956. |
||
| 300 |
_a327 páginas ; _c18 cm. |
||
| 505 | _aContenido: Introducción -- El maestro -- Los métodos del maestro -- Los grandes maestros y sus discípulos... | ||
| 650 |
_aEducación _9460 |
||
| 650 |
_aEnsayos _9375 |
||
| 650 |
_aConferencias _9376 |
||
| 700 |
_aValderrama de Robinson, Josefina (traducción) _936702 |
||
| 942 |
_2ddc _cLIBROS |
||
| 945 |
_adavv _d06/05/2019 |
||